Central Library OPAC University of Rajshahi

স্বৈরাচারের দশ বছর / (Record no. 38746)

MARC details
000 -LEADER
fixed length control field 00850nam a2200229 a 4500
001 - CONTROL NUMBER
control field 38746
003 - CONTROL NUMBER IDENTIFIER
rucl marc code BD-RjUL
005 - DATE AND TIME OF LATEST TRANSACTION
control field 20211209052842.0
008 - FIXED-LENGTH DATA ELEMENTS--GENERAL INFORMATION
fixed length control field 160217s1974 bg ||||| |||| 00| 0 ben d
035 ## - SYSTEM CONTROL NUMBER
System control number (BD-RjUL)38855
040 ## - CATALOGING SOURCE
Original cataloging agency BD-RjUL
Language of cataloging ben
Transcribing agency BD-RjUL
041 ## - LANGUAGE CODE
Language code of text/sound track or separate title ben
082 ## - DEWEY DECIMAL CLASSIFICATION NUMBER
Classification number 954.9204
Author mark and year KHS 1974
100 ## - MAIN ENTRY--PERSONAL NAME
Personal name খান, আতাউর রহমান
9 (RLIN) 119519
245 10 - TITLE STATEMENT
Title স্বৈরাচারের দশ বছর /
Statement of responsibility, etc. আতাউর রহমান খান
250 ## - EDITION STATEMENT
Edition statement ২য় সং.
260 ## - PUBLICATION, DISTRIBUTION, ETC. (IMPRINT)
Place of publication, distribution, etc. ঢাকা :
Name of publisher, distributor, etc. নওরোজ কিতাবিস্তান,
Date of publication, distribution, etc. ১৯৭৪
300 ## - PHYSICAL DESCRIPTION
Pagination [৮], ৪৫১ পৃ. ;
Size ২১ সেমি.
651 ## - SUBJECT ADDED ENTRY--GEOGRAPHIC NAME
Geographic name বাংলাদেশ
General subdivision ইতিহাস
Chronological subdivision ১৯৪৭-১৯৭১
9 (RLIN) 248468
Geographic name Bangladesh
General subdivision History
Chronological subdivision 1947-1971
9 (RLIN) 248469
942 ## - ADDED ENTRY ELEMENTS (KOHA)
Source of classification or shelving scheme Dewey Decimal Classification
Koha item type Books
Holdings
Lost status Source of classification or shelving scheme Damaged status Not for loan Collection code Permanent Location Current Location Shelving location Date acquired Source of acquisition Cost, normal purchase price Total Checkouts Full call number Date last seen Date checked out Copy number Koha item type
  Dewey Decimal Classification     Non-fiction Central Library, University of Rajshahi Central Library, University of Rajshahi   30/11/1974 Dacca, Nawroze Kitabistan 16.00 3 B 954.04 KHS 1974 19/02/2020 05/02/2020 C-2 Books
  Dewey Decimal Classification   Not For Loan Non-fiction Central Library, University of Rajshahi Central Library, University of Rajshahi Reading Room 07/08/1983 Rajshahi , Aligarh 40.00   B 954.9204 KHS 1974 08/04/2017   C-1 Books